000 00784nam a22002177a 4500
005 20250805155402.0
010 _aB-769668-675 BACEN25 ENG-146343
020 _a9789365234169
_c499.00
035 _aB-769668-675
035 _aEN-129875
037 _bSunnvik
037 _bDBAD
082 _a709.54
100 _aDehejia,Harsha V.
_983797
245 _aThe Third Eye of Indian Art: Aesthetics as Vedanta /
_cby Harsha V. Dehejia
260 _aNew delhi
_bAleph Book co.
_c2024
270 _aansari road
_bNew delhi
_e110002
300 _a228p.
_c20cm(Pbk)
942 _2ddc
_cEN
_h709.54
_mDEH
999 _c209377
_d209377